000 00818nam a2200265Ia 4500
003 OSt
005 20220924121029.0
006 a|||||r|||| 00| 0
007 ta
008 220923b |||||||| |||| 00| 0 san d
020 _a978818670096X (hbk)
020 _c450
024 _a239311
037 _b64, 31/08/2009, Vidyanidhi Prakashan
_cTextual
040 _aARTS
_cARTS
_bsan
041 _2san
_asan
082 _aR631, 15P9
100 _aJha Ram Nath
_9184037
245 0 _aSamakhyadarsana
_b With original sanskrit text and annotated english translation
260 _aDelhi
_bVidyanidhi Prakashan India
_c2009
300 _axxx,153p.
_ccm.
650 _aPHILOSOPHY
942 _hR631, 15P9
_cTEXL
_2CC
999 _c405504
_d405504